Rozvoj ľudských zdrojov - niektoré aspekty a súvislosti v SR

Hlavné zásady koncipovania novej stratégie pre formovanie politiky zamestnanosti v členských štátoch EÚ. Tvorba politiky zamestnanosti v SR. Charakteristika o rozvoj ľudských zdrojov v podnikoch a organizáciách. Charakteristika vzdelávacích inštitúcií a ich činnosť.

Salvato in:
Dettagli Bibliografici
Autore principale: Czíria, Ľudovít
Altri autori: Srnánková, Ľubomíra
Natura: Capitolo di libro
Lingua:slovacco
Soggetti:
Tags: Aggiungi Tag
Nessun Tag, puoi essere il primo ad aggiungerne!!

MARC

LEADER 00000naa a2200000 4500
001 r036466
005 20230807090602.9
041 0 |a slo 
044 |a SK 
245 1 0 |a Rozvoj ľudských zdrojov - niektoré aspekty a súvislosti v SR  |c Ľudovít Czíria 
520 |a Hlavné zásady koncipovania novej stratégie pre formovanie politiky zamestnanosti v členských štátoch EÚ. Tvorba politiky zamestnanosti v SR. Charakteristika o rozvoj ľudských zdrojov v podnikoch a organizáciách. Charakteristika vzdelávacích inštitúcií a ich činnosť. 
610 2 0 |a zdroje ľudské 
610 2 0 |a politika zamestnanosti 
610 2 0 |a kvalifikácia 
610 2 0 |a rekvalifikácia 
610 2 0 |a inštitúcie verejnoprávne 
610 2 0 |a Slovensko 
100 1 |a Czíria, Ľudovít 
700 1 |a Srnánková, Ľubomíra